| 000 | 00474cam a2200193 4500 | ||
|---|---|---|---|
| 001 | D5825 | ||
| 008 | 090401t1984 xxu||||| |||| 00| 0 eng d | ||
| 035 | _a(Sirsi) u71959 | ||
| 041 | _aeng | ||
| 050 | _a346.4104344 | ||
| 110 |
_aIncorporated Society of Valuers and Auctioneers _91201 |
||
| 245 | _aRecommended rent review clauses | ||
| 260 |
_aLondon _bISVA _c1984 |
||
| 300 | _a6p. 21cm | ||
| 350 | _a1 | ||
| 520 | _aCover title | ||
| 942 | _n0 | ||
| 948 | _c04/03/1997 | ||
| 999 |
_c95467 _d95467 |
||